[Event "NOR-ch"]
[Site "Drammen"]
[Date "1994.??.??"]
[Round "5"]
[White "Agdestein, Simen"]
[Black "Djurhuus, Rune"]
[Result "1/2-1/2"]
[WhiteElo "2595"]
[BlackElo "2460"]
[Annotator "ChessBase"]
[PlyCount "145"]
[EventDate "1994.??.??"]
[EventType "swiss"]
[EventRounds "9"]
[EventCountry "NOR"]
[SourceTitle "TD"]
[Source "ChessBase"]
[SourceDate "1994.03.01"]
[SourceVersion "1"]
[SourceVersionDate "1994.03.01"]
[SourceQuality "1"]

1. d4 Nf6 2. c4 g6 3. Nc3 Bg7 4. e4 d6 5. f3 {Simen har prKvd mye forskjellig
mot kongeindisk. I dag ble det Sämisch-varianten.} O-O 6. Be3 Nc6 7. Nge2 a6 8.
a3 $5 {Hvis motstanderen hadde vært en annen enn Simen, ville det kanskje
blitt "?!" i stedet. Hovedvarianten er 8.Dd2.} Re8 $1 {Et nKyaktig trekk.
Rutinetrekket 8..Tb8 ville vært uten poeng etter 9.b4.} 9. b4 $6 {Hvit
forsKmmer utviklingen, samtidig som den lange diagonalen svekkes, men svart mÅ
reagere energisk hvis han skal utnytte hvits originale spill.} e5 $1 {"Et
flankeangrep skal besvares med et motstKt i sentrum."} 10. d5 Nd4 {Det passive
10..Se7 var aldri aktuelt.} 11. Ra2 $6 {Et djupt trekk som har som hensikt Е
dekke andreraden. 11.Tc1 er kanskje best. Kritisk er} (11. Nxd4 exd4 12. Bxd4 {
men etter det planlagte} Nxe4 $1 {ville hvit angret at han har forsKmt
utviklingen av kongeflKya:} 13. fxe4 (13. Nxe4 Rxe4+ 14. fxe4 Qh4+) 13... Qh4+
14. g3 Rxe4+ 15. Be2 (15. Ne2 Rxe2+ 16. Bxe2 Qe4 $1 {med sterkt initiativ til
svart.}) (15. Kf2 Rf4+ $1 16. Kg1 (16. Kg2 Qh3+ 17. Kg1 Rxf1+ 18. Qxf1 Bxd4+)
16... Bxd4+ 17. Qxd4 Rxf1+ {og svart vinner.}) 15... Rxd4 16. gxh4 Rxd1+ 17.
Rxd1 Bxc3+ 18. Kf2 a5 {og svart har utmerket kompensasjon for kvaliteten.})
11... a5 $1 {Utnytter tÅrnets noe uheldige plassering pÅ a2.} 12. Kf2 $1 {
Hvits konge ville ikke være i e-linja lenger.} (12. b5 Nxe2 13. Bxe2 b6 {
er sannsynligvis remis.}) (12. bxa5 c5 {og svart har ingen problemer.}) 12...
axb4 {Her hadde svart flere muligheter, men jeg bestemte meg for Е velge det
mest prinsipielle, nemlig Е ofre offiser for Е beholde initiativet.} 13. axb4
Rxa2 14. Nxa2 {[#]} Nxe4+ $1 15. fxe4 Qh4+ 16. Kg1 (16. g3 Qxe4 17. Bg2 Qf5+
18. Kg1 Nf3+ {og svart stÅr best.}) 16... Qxe4 {Svart har to sentrumsbKnder
for hesten samtidig som hvit spiller uten tÅrnet pÅ h1.} 17. Qc1 $1 {Dekker
bÅde lKperen og c-bonden.} (17. Bf2 Qg4 18. Nec3 e4 {og svart beholder
initiativet.}) (17. Qd2 Nf5 18. Bf2 Qxc4 {kan ikke være dÅrligere for svart.})
17... Nf5 $2 {Bdelegger alt. Jeg hadde oversett hvits 19. trekk. Etter} (17...
Qg4 $1 {beholder svart de beste sjansene:} 18. Nxd4 (18. Ng3 f5) (18. Nac3 Nf5
19. Bf2 Qxc4) (18. Nec3 Bf5) 18... exd4 19. Bf2 Bf5 {og alle svarts offiserer
er i spill.}) 18. Bf2 Bh6 19. Nec3 $1 {Obs!} Qg4 20. h3 $2 {Simen hadde
undervurdert svartrekket mitt. Bedre er} (20. Be2) 20... Qf4 $1 21. Qxf4 exf4
22. Kh2 $1 {Ellers blir hvit begravd etter Sg3.} Bd7 {Kritisk var} (22... Ng3
23. Bxg3 fxg3+ 24. Kxg3 Bg7 {Her er 25.Kf3 Ld4 ikke sÅ klart, men hvit har} 25.
Be2 $1 Bxc3 26. Nxc3 Re3+ 27. Kf2 Rxc3 28. Ra1 Bf5 29. Ra8+ Kg7 30. b5 {
med gode vinstsjanser fordi svarts dameflKybKnder er svake.}) 23. Bd3 {Hvit
har klar fordel. NÅ trues Lxf5 fulgt av Ld4.} Bg7 24. Bxf5 {Gir svart
lKperparet, men fjerner den gode hesten pÅ f5.} Bxf5 25. Rd1 (25. Re1 Rxe1 (
25... Ra8 26. Re7 Ra3 27. Be1 {er forferdelig for svart.}) 26. Bxe1 Bd3 27. c5
{og hvit bKr kunne vinne, men helt enkelt er det ikke.}) 25... Bc2 26. Rd2 Bb3
27. Bd4 $2 {Hvit gir fra seg hele fordelen. Kan det være varmen? Riktig var} (
27. c5 Ra8 {og nÅ kanskje} 28. c6) 27... Bxc4 {Alternativet var} (27... Bxd4
28. Rxd4 f3 $5 {men jeg fryktet} 29. Nc1 (29. Rd2 $1 fxg2 30. c5 $1 {ser bra
ut for hvit.}) 29... f2 30. Rf4 Re1 31. Nxb3 f1=Q 32. Rxf1 Rxf1 33. Na5 Rc1 34.
Nb5 b6 35. Nc6 Rxc4 36. Nxc7 {og hvit har gode vinstsjanser.}) 28. Bxg7 Kxg7
29. Nc1 (29. Rd4 Bxa2 30. Nxa2 f3 {bKr være greit for svart.}) 29... Re3 30.
Nd1 Re5 31. Nc3 g5 {Med tre bKnder for offiseren og aktive brikker, fKles det
som om svart ikke stÅr dÅrligst, men noe gÅr feil for svart i lKpet av de
neste trekkene.} 32. N1e2 Re3 33. Kg1 Kf6 34. Kf2 Ke5 35. Rc2 f5 (35... Rd3 36.
Ng1) 36. g3 $1 {Bdelegger svarts bondestruktut pÅ kongeflKyen. Jeg burde ha
forhindret det pÅ en eller annen mÅte.} b5 (36... c6 {gir kanskje bedre
remissjanser.}) 37. gxf4+ gxf4 38. Ng1 Kf6 39. Nce2 $2 (39. Nf3 {ser sterkere
ut.}) 39... Rb3 40. Nxf4 Rxb4 $2 {Et forferdelig trekk som tillater hvit Е
feste et jerngrep. Riktig var} (40... Ke5 $1 {og svart bKr klare remis.}) 41.
Kg3 $1 {Svakere er} (41. Nf3 Bb3 42. Rb2 Rxf4 43. Rxb3 b4 44. Ke3 Rc4 {med
omtrent likt spill.}) 41... Rb1 {Mer testende var kanskje} (41... Ra4 42. Rc1
Ra6 {med ideen c6} 43. Re1 b4) 42. Nf3 Rd1 43. Nd2 $1 {[#] Vinner en bonde
fordi lKperen ikke har noen felter.} Ke5 44. Nxc4+ bxc4 45. Rxc4 Ra1 {Svart
forsvarer seg sÅ godt han kan. Med bare to bKnder igjen krever det god teknikk
fra hvits side for Е vinne, siden tÅrn og hest mot tÅrn er remis.} 46. h4 {
Tar et potensielt felt fra kongen, men hvit har kanskje ikke noe annet?} (46.
Rc3 Ke4 $1) 46... Ra3+ 47. Kf2 {Hvits stKrste problem er hans dÅrlige konge.}
h6 {Et tveegget trekk som gir hvit feltet h6, men fjerner bonden fra 7. raden,
slik at hvits tÅrn mÅ bruke et trekk ekstra for Е ta den. Alternativet er 47..
Tb3} 48. Ng2 $6 (48. Ne2 Rh3 49. Kg2 Re3 {er ikke sÅ klart.}) (48. Ke2 $5)
48... Ra7 $1 49. Ne3 $2 {Gir svart forsert remis. 49.Sf4 var nKdvendig.} f4 {
For all del ikke} (49... h5 $2 50. Kf3 {fulgt av Tf4xf5.}) 50. Ng4+ Kf5 $1 (
50... Kxd5 51. Rxf4 {og hvit beholder h-bonden.}) 51. Nxh6+ Kg6 52. Ng4 (52.
Ng8 Kf7) 52... Kf5 53. Nh6+ Kg6 54. Ng4 Kf5 55. Nh2 {Hvits brikker blir
presset bakover.} Ra2+ 56. Kg1 Ra1+ 57. Kg2 Ra2+ 58. Kg1 Ra1+ 59. Nf1 Kg4 $6 {
Riktig ide, men feil rekkefKlge.} (59... Rd1 $1 {er remis direkte:} 60. Kg2 (
60. Rxc7 Kg4 $1) 60... Rxd5 {og h-bonden fall, f.eks.} 61. Rxc7 (61. Nh2 Rd2+)
61... Kg4 {og h-bonden faller.}) 60. Kf2 Ra2+ 61. Ke1 {Hengestillinga.} Ra5 $1
{Forserer remisen.} 62. Rd4 (62. Ke2 Kxh4 63. Rxf4+ Kg5 64. Rd4 Rc5 65. Nd2 (
65. Ng3 Kf6 66. Ne4+ Ke5) 65... Kf5 66. Nb3 Ke5 $1 {med remis.}) 62... Rc5 {
med ideen c6.} 63. Nd2 (63. Ne3+ Kxh4 64. Nf5+ Kg4 65. Ne7 Kg3 {med remis
siden hvit i praksis spiller uten hesten pÅ e7.}) 63... Rc1+ $1 {En viktig
mellomsjakk. DÅrlig var} (63... c6 $2 64. Ne4 Rc2 (64... Rxd5 65. Nf6+) 65. Kd1
) 64. Ke2 c6 65. Nb3 Rc3 66. Kd2 {Hvits eneste sjanse, men tÅrnsluttspillet er
lett remis.} Rxb3 67. dxc6 Rb8 68. Kd3 Rc8 69. Rxd6 (69. Rc4 d5) 69... Kxh4 70.
Ke4 Kg5 71. Re6 f3 $1 72. Kxf3 Kf5 73. Rh6 1/2-1/2

[Event "St Petersburg op"]
[Site "St Petersburg"]
[Date "1995.??.??"]
[Round "2"]
[White "Ibragimov, Ildar"]
[Black "Graf, Alexander"]
[Result "0-1"]
[WhiteElo "2520"]
[BlackElo "2605"]
[Annotator "Notkin,M"]
[PlyCount "60"]
[EventDate "1995.05.??"]
[EventType "swiss"]
[EventRounds "9"]
[EventCountry "RUS"]
[SourceTitle "CBM 046 Extra"]
[Source "ChessBase"]
[SourceDate "1995.07.01"]
[SourceVersion "1"]
[SourceVersionDate "1995.07.01"]
[SourceQuality "1"]

1. d4 Nf6 2. c4 g6 3. Nc3 Bg7 4. e4 d6 5. f3 O-O 6. Be3 a6 7. Nge2 Nc6 8. d5
Na5 $1 (8... Ne5 9. Ng3 c6 (9... c5 10. Be2 b5 11. cxb5 axb5 12. Nxb5 Ba6 13.
O-O Ne8 14. a4 Nc7 15. Qd2 Qb8 $44 {Ibragimov,I-Sutovsky,E/Groningen/1994/0,5/
29/}) 10. a4 cxd5 11. cxd5 e6 12. Be2 exd5 13. exd5 Re8 14. Qd2 Qe7 $6 (14...
Qa5 15. O-O Bd7 16. b4 Qxb4 17. Rab1 Qh4 18. Nge4 Nxe4 19. Nxe4 Ng4 $1 $10 {
Seirawan,Y-Gufeld,E/Seatlle/1989/0,5/25/}) 15. Kf2 h5 16. Rhe1 h4 17. Nf1 $14 {
Seirawan,Y-Nunn,J/Bruxelles/1988/0,5/41/}) 9. Nc1 (9. Ng3 c5 10. a4 Qb6 $13)
9... c6 10. Qd2 $6 (10. b4 $2 Nxd5) (10. a4 cxd5 11. cxd5 e6 12. Be2 exd5 13.
exd5 Re8 14. Qd2 Qc7 15. O-O Nc4 16. Bxc4 Qxc4 $15) (10. Nb3 Nxb3 11. Qxb3 cxd5
12. cxd5 e6 $10) 10... b5 11. cxb5 axb5 12. b4 (12. dxc6 b4 13. Nd5 Nxd5 $1 14.
exd5 e6 15. dxe6 Bxe6 16. Be2 Nc4 $17) 12... cxd5 $1 13. exd5 (13. bxa5 b4 14.
Na4 Qxa5 (14... dxe4 15. Nb3 $1 $13) 15. Nb6 Nxe4 $1 16. fxe4 (16. Qxd5 Qa3 $40
) 16... Bc3 (16... Bxa1 17. Nxd5 $13) 17. Nxa8 Qxa8 18. Be2 d4 $1 $17) 13...
Bb7 (13... Nc4 14. Bxc4 bxc4 15. N1e2 Bb7 (15... e6 16. dxe6 fxe6 17. Rd1 $132)
16. O-O Ra3 17. Bd4 Qa8 18. Rfd1 $15) 14. Bxb5 (14. Bd4 Nc4 15. Bxc4 bxc4 16.
N1e2 e6 $1 $17) (14. bxa5 b4 15. Nd1 Nxd5 16. Bd4 e5 $17) 14... Rc8 15. Bd4 (
15. bxa5 Rxc3 16. Bd4 Nxd5 17. Bxg7 Kxg7 18. Ne2 Rc5 19. a4 Qc7 20. a6 Bc8 21.
Rc1 (21. O-O Qa7 $17) 21... Rxc1+ 22. Nxc1 (22. Qxc1 Qxc1+ 23. Nxc1 Nc7 $17)
22... Nb4 $1) (15. N1e2 Nc4 16. Bxc4 Rxc4 17. Rb1 Qa8 $17) 15... Nc4 16. Qd3 (
16. Qe2 Nxd5) (16. Bxc4 Rxc4 17. N1e2 Rxb4 $17) 16... Ne5 17. Qe3 Bxd5 (17...
Nxd5 $5 18. Nxd5 Bxd5 19. O-O (19. Bb6 $2 Rc3 20. Bxd8 Rxe3+ 21. Kf2 Ra3 22.
Bxe7 Rb8 23. Be2 Nc6 $19) 19... Rc2 20. Rf2 Rxf2 21. Kxf2 (21. Qxf2 Bxf3 $1 22.
gxf3 Nxf3+ 23. Qxf3 Bxd4+ $19) 21... e6 22. Ne2 Qh4+ 23. Kg1 Bxf3 $19) 18. O-O
Bc4 (18... Nc4 $5 19. Qe2 (19. Bxc4 Bxc4 $17)) 19. Bb6 $1 (19. Rd1 Bxb5 20.
Nxb5 Nc6 21. Bc3 d5 22. Rb1 (22. Nd4 e5 $1) 22... e5 23. Qf2 d4 24. Bd2 Nd5 $17
) 19... Nfg4 $1 $19 20. fxg4 Nxg4 21. Bxd8 Nxe3 22. Bxc4 Bxc3 23. Bxe7 Nxf1 24.
Bxf1 Bd4+ 25. Kh1 Bxa1 26. Nb3 Rfe8 27. Bh4 (27. Bxd6 Re1 28. Kg1 Rcc1 29. Nxc1
Bd4+) 27... Re4 28. Bg3 Be5 29. b5 Bxg3 30. hxg3 Ra4 0-1

[Event "Politiken Cup 18th"]
[Site "Copenhagen"]
[Date "1996.??.??"]
[Round "6"]
[White "Gulko, Boris F"]
[Black "Djurhuus, Rune"]
[Result "1-0"]
[WhiteElo "2615"]
[BlackElo "2505"]
[Annotator "Hazai,L"]
[PlyCount "117"]
[EventDate "1996.06.??"]
[EventType "swiss"]
[EventRounds "11"]
[EventCountry "DEN"]
[SourceTitle "CBM 054"]
[Source "ChessBase"]
[SourceDate "1996.10.01"]
[SourceVersion "1"]
[SourceVersionDate "1996.10.01"]
[SourceQuality "1"]

1. c4 {Hecht} g6 2. d4 Nf6 3. Nc3 Bg7 4. e4 d6 5. f3 O-O 6. Be3 Nc6 7. Nge2 a6
8. Rb1 e5 (8... Rb8 $1) 9. d5 Na5 (9... Ne7 10. Ng3) 10. Ng3 c5 11. Bd3 b5 $6 {
This pawn sacrifice doesn't seem to be correct, therefore Black's whole open-
ing concept is dubios.} 12. cxb5 axb5 13. Bxb5 h5 14. O-O h4 15. Nge2 Nh5 16.
Qd2 f5 17. exf5 gxf5 18. Bg5 Bf6 19. Bxf6 Qxf6 20. f4 $18 e4 21. b4 cxb4 22.
Rxb4 Ba6 23. Bxa6 Rxa6 24. Nd4 Ng7 25. Nd1 Qf7 26. Ne3 Nb7 27. Ndxf5 Nxf5 28.
Nxf5 Qxf5 29. Rxb7 Rf7 30. Rb8+ Rf8 31. Rxf8+ Kxf8 32. Rb1 Qf6 33. h3 Ra4 34.
Qc2 Qd4+ 35. Kh2 Rc4 36. Qb3 Rc8 37. Qb2 Qxb2 38. Rxb2 {Hecht: ab Zug 45 3-1
Frei-Bauern; kombiniertes Vorgehen der zwei w Randbauern mit K-Unterstützung
bei Bindung von sFreibauer+König durch wT. Technik + Taktik} Kf7 39. Re2 Rc4
40. g4 hxg3+ 41. Kxg3 Kf6 42. Kg4 Rd4 43. h4 Rxd5 44. Rxe4 Rd1 45. a4 Rg1+ 46.
Kf3 d5 (46... Rh1 {Hecht} 47. Rd4 Ke6 48. Kg4 $18 {(siehe Text)}) 47. Rd4 Ke6 {
[#]} 48. h5 Rh1 49. Kg4 Rg1+ 50. Kh4 Rh1+ 51. Kg5 Rg1+ 52. Kh6 Rb1 53. Kg6 Rg1+
54. Kh7 Rb1 55. a5 (55. h6 $2 {Hecht} Kf6 $1 {[%cal Yb2b7,Yb7b8] Remis durch
Dauerschach}) 55... Ra1 56. h6 Rc1 (56... Rxa5 {Hecht} 57. Kg6 Ra1 58. f5+ Ke5
59. Rh4 $18) 57. Kg7 Rg1+ 58. Kf8 Rh1 59. Rb4 1-0

[Event "RUS-Cup01 Chigorin Memorial"]
[Site "St Petersburg"]
[Date "1997.11.04"]
[Round "4"]
[White "Bratchenko, Alexander"]
[Black "Motylev, Alexander"]
[Result "0-1"]
[WhiteElo "2395"]
[BlackElo "2450"]
[Annotator "Hazai,L"]
[PlyCount "76"]
[EventDate "1997.11.01"]
[EventType "swiss"]
[EventRounds "9"]
[EventCountry "RUS"]
[SourceTitle "CBM 062"]
[Source "ChessBase"]
[SourceDate "1998.01.31"]
[SourceVersion "1"]
[SourceVersionDate "1998.01.31"]
[SourceQuality "1"]

1. d4 {Baburin} g6 2. c4 Nf6 3. Nc3 Bg7 4. e4 d6 5. f3 O-O 6. Be3 Nc6 7. Nge2
a6 8. a3 {/\ b4} Bd7 9. b4 {White gets a space advantage on the << and in the
centre. His problem is the undeveloped >>, usually he has to develope his B
via g3 and Bg2.} Re8 $5 {The idea is connected with e7-e5 and sometimes Nd4.
However the real main lines are:} (9... Qb8) (9... Rb8) 10. Rc1 (10. g3 b5 11.
c5 (11. cxb5 axb5 12. Bg2 e5 13. d5 Ne7 14. O-O c6 $13 {Spassky-Nezhmetdinov,
SU-ch 1961}) 11... a5 12. Rb1 axb4 13. axb4 dxc5 14. dxc5 Qc8 15. Bg2 Ne5 16.
Bd4 $1 $14 {Gheorghiu-Quinteros, Moscow izt 1982}) (10. Rb1 Rb8 11. g3 b5 12.
cxb5 (12. c5 $142) 12... axb5 13. Bg2 e5 14. d5 Ne7 15. O-O c6 $13 {
Klauser-Foisor, Zweisimmen 1993}) 10... b5 11. c5 {White has to keep the
position closed because of his problems of development.} (11. cxb5 $143 axb5
12. Nxb5 Nxb4 13. Nxc7 Rxa3 14. Nxe8 Nd3+) 11... e6 (11... a5 $2 12. d5) 12.
Qd2 {White wants to keep all of his achievements, but now Black can open a new
front.} (12. cxd6 cxd6 13. g3 a5 14. Rb1 {looks safer.}) 12... dxc5 13. bxc5 {
At first sight White has a tremendous centre, but Black can blow it up soon.} (
13. dxc5 a5) 13... Na5 $1 {/\ Nc4} 14. Qa2 Nc4 15. Bg5 h6 16. Bh4 e5 $1 17. Bf2
$143 (17. d5 c6 $1) 17... c6 18. dxe5 Nxe5 19. Nd4 Nh5 20. g3 (20. Be2 Nf4)
20... Be6 21. Qc2 {[#] Baburin: Black has a big advantage in development and
his next move makes a strong impression!} Qxd4 $3 $19 {This is a very nice
positional Q sacrifice making profit from the white K in the middle, and the
lack of development.} 22. Bxd4 Nxf3+ 23. Kf2 Nxd4 {Black has got only 2 pieces,
but the white positions is collapsed. Baburin: It's hard to claim that the
combination which Black started with 21...Qxd4!, gives him an advantage.
However, two minor pieces and a pawn in this situation, where White has many
weaknesses, certainly provide sufficient compensation for the queen. As usual
in such positions, here it's a lot easier to play the Black side, whose pieces
are well co-ordinated and more numerous.} 24. Qb2 Nf6 25. Kg2 Nb3 26. Re1 Nxc5
27. Qb4 Nfxe4 $1 {using the pin on the long /^.} 28. Nxe4 Nxe4 29. Rxe4 Bd5 30.
Bd3 f5 $19 31. Rd1 Rad8 32. Bc2 fxe4 33. Kg1 a5 34. Qxa5 e3 35. Bd3 Ra8 36. Qe1
Rxa3 37. Qe2 Ra2 38. Bc2 Rxc2 0-1

[Event "WchT 5th"]
[Site "Yerevan"]
[Date "2001.10.19"]
[Round "8.3"]
[White "Graf, Alexander"]
[Black "Arencibia Rodriguez, Walter"]
[Result "0-1"]
[WhiteElo "2610"]
[BlackElo "2533"]
[Annotator "Hazai,L"]
[PlyCount "96"]
[EventDate "2001.10.12"]
[EventType "team-tourn"]
[EventRounds "9"]
[EventCountry "ARM"]
[SourceTitle "CBM 086"]
[Source "ChessBase"]
[SourceDate "2002.02.05"]
[SourceVersion "1"]
[SourceVersionDate "2002.02.05"]
[SourceQuality "1"]
[WhiteTeam "Germany"]
[BlackTeam "Cuba"]
[WhiteTeamCountry "GER"]
[BlackTeamCountry "CUB"]

1. d4 Nf6 2. c4 g6 3. Nc3 Bg7 4. e4 d6 5. f3 O-O 6. Be3 a6 7. Nge2 Nbd7 8. d5 {
This move has no good reputation among the theoreticians.} ({For the main line
} 8. Qd2 {- Dreev-Smirin, Dos Hermanas 2001 CBM 83}) 8... Ne5 (8... c5 9. a4
Ne5 {may lead to E81.} 10. Ng3 {- 8...Ne5} (10. Nf4) (10. Nc1)) 9. Ng3 (9. Nd4
{runs into Black's main weapon} c5 10. Nc2 {The N is out of play here.} (10.
dxc6 {gives up the [+].} Nxc6 $11 (10... bxc6 11. Be2 c5 $13 {with some
pressure on the dark squares.} (11... d5 $2 {is a premature breakthrough in
the [+]:} 12. Bf4 Qd6 13. Bxe5 Qxe5 14. Nxc6 $16 {Bondarevsky-Taimanov, Rostov
1961}))) 10... e6 11. a4 exd5 12. cxd5 Nh5 {This is a good version of an A65
Benoni for Black.} 13. Be2 f5 14. exf5 gxf5 15. O-O f4 {with real threats on
the >>.} 16. Bf2 Qg5 17. Kh1 Bf5 $132 {Bu Xiangzhi-Ye Jiangchuan, Yangon 1999})
9... c6 (9... Rb8 $143 $6 {is only a loss of a tempo.} 10. Be2 c6 11. f4 Neg4
12. Ba7 Ra8 13. Bd4 Bh6 {Black's play is not without extravaganza.} 14. e5 dxe5
15. fxe5 c5 16. Bxc5 Nxe5 17. O-O Qc7 18. Qd4 $16 {Knaak-Westerinen, Moscow
1982}) (9... h5 $5 {is the typical plan in E81 positions.}) (9... c5 10. a4 {
against b7-b5} (10. Be2 e6 (10... b5 {leads to Benko Gambit type of positions.}
11. cxb5 axb5 12. Nxb5 (12. Bxb5 {is also met by the typical} Ba6) 12... Ba6
13. O-O Ne8 {/\ Nc7 eliminating the strong N on b5, after which Black has the
usual pressure on the a and b lines.} 14. a4 Nc7 15. Qd2 Qb8 16. f4 Nd7 17. Ra3
Bxb5 18. axb5 Rxa3 19. bxa3 Qa7 20. f5 (20. e5 dxe5 21. f5 Qxa3) (20. Rb1 Qxa3
21. b6 Rb8) 20... Qxa3 21. Bh6 Bxh6 22. Qxh6 c4 23. Kh1 Ne5 24. fxg6 hxg6 25.
Nf5 gxf5 26. Qg5+ Kh7 27. Qh5+ Kg7 28. Qg5+ Kh7 29. Qh5+ {1/2-1/2
Ibragimov-Sutovsky, Groningen 1994}) (10... h5 11. O-O e6 12. a4 exd5 13. cxd5
{transposes to A65}) 11. O-O exd5 12. cxd5 {transposes to A65}) 10... e6 11.
Be2 exd5 12. cxd5 {transposes to A65}) 10. a4 (10. Be2 $6 {allows Black's main
threat of} b5 11. cxb5 axb5 {(1/2:1/2 Seirawan-Ye, Luzern 1989)} 12. dxc6 b4
$15) (10. f4 Neg4 11. Bg1 cxd5 12. cxd5 $13 (12. h3 $6 {is strongly met by the
intermediate move} d4 $1 13. Bxd4 e5 14. fxe5 Nxe5 $15)) 10... e6 {Black has
to fight against the white [+].} (10... Qa5 $6 11. Ra3 cxd5 (11... h5 12. Be2
cxd5 13. cxd5 Qc7 {Black's play is not logical at all.} 14. O-O Nc4 15. Bxc4
Qxc4 16. Qb3 Qxb3 17. Rxb3 $14 {Hon-De Guzman,Thessaloniki ol 1984}) 12. cxd5
Qc7 13. Be2 Nc4 14. Bxc4 Qxc4 15. Qb3 $14 {with pressure on the <<,
Seirawan-Mestel, London 1984.}) (10... cxd5 11. cxd5 e6 12. Be2 exd5 13. exd5 {
- 10...e6}) 11. Be2 exd5 12. cxd5 cxd5 13. exd5 Re8 {White has some space
advantage due to the d5 P, but Black can successfully organize his defence,
and there is no vulnerable spot in his position.} 14. Qd2 (14. Kf2 Qc7 15. Qb3
Qe7 $1 {Nunn}) 14... Bd7 (14... Qe7 $6 15. Kf2 h5 16. Rhe1 h4 17. Nf1 {
(Seirawan-Nunn, Brussels 1988 45/732)} Nh7 $1 {would have minimized the demage
after} 18. f4 Ng4+ 19. Bxg4 Bxg4 20. Bd4 Qf8 21. Ne3 $14) (14... Qa5 15. O-O
Bd7 16. b4 $5 Qxb4 $1 {Black can bravely go for complications.} 17. Rab1 Qh4
18. Nge4 (18. Bg5 Nc4) 18... Nxe4 19. Nxe4 Ng4 $11 {Seirawan-Gufeld, Seattle
1989 47/716}) (14... Qc7 {/\ Nc4 is the other quiet option.} 15. O-O Nc4 16.
Bxc4 Qxc4 17. Nge4 Nxe4 18. Nxe4 Qb3 19. Bd4 Qxd5 20. Rfd1 Qxd4+ 21. Qxd4 Bxd4+
22. Rxd4 Re7 23. Nxd6 $11 {and White has no more than equality in the _|_.})
15. O-O Rc8 16. a5 Qe7 17. Rfe1 h5 {/\ Nh7, and Black has some counterplay on
the >>.} 18. Rac1 (18. Bg5 Qf8 19. Rac1 Nh7) 18... Qf8 {This is the best place
for the Q.} (18... Nc4 19. Bxc4 Rxc4 20. b3 Rcc8 (20... Rxc3 21. Rxc3 Nxd5 22.
Rc4 Nxe3 23. Re4 $16) 21. Bd4 $14) 19. b3 {against Nc4} Nh7 {/\ f5 creating
more space for the pieces on the >>.} 20. h3 f5 21. f4 Nf7 22. Nf1 {The N on
g3 was completely out of play.} Bf6 23. Bd4 Bxd4+ (23... Qg7 {fighting for the
long /^ was the other option.} 24. Bxf6 Qxf6 25. Ne3 Re7 26. Nc4 Rce8) 24. Qxd4
Qg7 25. Qxg7+ {In the _|_ White's chances for a win are minimal.} (25. Qd2 Qf6
{- 23...Qg7}) 25... Kxg7 26. Nd2 Nf6 27. Nc4 (27. Kf2 $5 {looks more precise.})
27... Ne4 (27... Bb5 $5 {was possible!}) 28. Nxe4 Rxe4 29. Bf1 Rxe1 30. Rxe1
Re8 31. Rxe8 Bxe8 32. h4 {blockading the entire >>, but where can White find a
breakthrough?} Kf6 $11 33. Kf2 Ke7 34. Na3 Nh6 35. Ke3 Ng4+ 36. Kd4 Nf6 37. b4
Kd8 38. Nb1 Ba4 39. Nc3 Be8 40. Bc4 Kc7 41. Nd1 Ba4 42. Nc3 Be8 43. Bb3 Bd7 44.
Ba4 Bxa4 45. Nxa4 Ne4 46. Nb6 Kd8 47. Nc4 Kd7 48. Nd2 $4 {[%mdl 8192]
Unbeliavable!} Nxd2 0-1